Defining Street Gangs in the 21st Century Fluid, Mobile, and Transnational Networks /

In contrast to the pattern of long-standing occidental street gangs modelled in the North American paradigm, new-age gangs have appeared as loosely organized, with a high degree of interchangeability of their membership. Associated with this structural fluidity is an equally significant geographic m...

Full description

Bibliographic Details
Main Author: Prowse, C.E (Author)
Corporate Author: SpringerLink (Online service)
Format: Electronic eBook
Language:English
Published: New York, NY : Springer New York : Imprint: Springer, 2013.
Series:SpringerBriefs in Criminology, 1
Subjects:
Online Access:Full Text via HEAL-Link
LEADER 03352nam a22003615i 4500
001 978-1-4614-4307-0
003 DE-He213
005 20161213121637.0
007 cr nn 008mamaa
008 120712s2013 xxu| s |||| 0|eng d
020 |a 9781461443070  |9 978-1-4614-4307-0 
024 7 |a 10.1007/978-1-4614-4307-0  |2 doi 
040 |d GrThAP 
100 1 |a Prowse, C.E.  |e author. 
245 1 0 |a Defining Street Gangs in the 21st Century  |h [electronic resource] :  |b Fluid, Mobile, and Transnational Networks /  |c by C.E. Prowse. 
264 1 |a New York, NY :  |b Springer New York :  |b Imprint: Springer,  |c 2013. 
300 |a XII, 54 p. 6 illus.  |b online resource. 
336 |a text  |b txt  |2 rdacontent 
337 |a computer  |b c  |2 rdamedia 
338 |a online resource  |b cr  |2 rdacarrier 
347 |a text file  |b PDF  |2 rda 
490 1 |a SpringerBriefs in Criminology,  |x 2192-8533 ;  |v 1 
505 0 |a Introduction -- The Gangs as a Network -- From Fixed to Mobile, Members to Players -- Criminal Enterprise -- Managing the Problem. 
520 |a In contrast to the pattern of long-standing occidental street gangs modelled in the North American paradigm, new-age gangs have appeared as loosely organized, with a high degree of interchangeability of their membership. Associated with this structural fluidity is an equally significant geographic mobility, which paradoxically does not appear to diminish the intensity of personal bonds formed within and between ‘new-age’ gangs. The dimensions of fluidity of gang membership and geographic mobility across police jurisdictions is increasingly seen as the organizational pattern of emerging gangs, in large part shaped by worldwide patterns of human migration and globalization. While the structure of new-age gangs appears as loose-knit, what must be emphasized is that this characteristic is reflective of a criminal network of economic commodity-based ‘turf’ as opposed to a close-knit geographically anchored ‘turf’ that has characterized the prevailing North American (occidental) gang model. This volume illuminates the structure and organization of increasingly emergent, fluid and mobile, new-age gangs within the context of transnational networks. The implications for law enforcement agencies is two-fold: i) the fluidity of new-age gang players challenges investigative techniques that remain predicated on suspect recognition through modus operandi repetition by those involved, and; ii) the movement of new-age gang players across police jurisdictions challenges the sharing of police information. This innovative work will be of interest to researchers in Criminology and Criminal Justice, as well as related disciplines including Sociology and Anthropology studying gangs and group-organization. It has strong implications for practitioners and professionals working in law enforcement, public policy, or with at-risk youth/young adults. 
650 1 4 |a Criminology and Criminal Justice. 
650 2 4 |a Criminology and Criminal Justice, general. 
710 2 |a SpringerLink (Online service) 
773 0 |t Springer eBooks 
776 0 8 |i Printed edition:  |z 9781461443063 
830 0 |a SpringerBriefs in Criminology,  |x 2192-8533 ;  |v 1 
856 4 0 |u http://dx.doi.org/10.1007/978-1-4614-4307-0  |z Full Text via HEAL-Link 
912 |a ZDB-2-SHU 
950 |a Humanities, Social Sciences and Law (Springer-11648)